000 00351pam a2200157a 44500
008 230515b1992 xxu||||| |||| 00| 0 eng d
020 _aNULL
041 _aENGLISH
082 _aN.D.
100 _aFENICAL L.H.
245 _aPSPICE - A TUTORIAL
250 _a0
260 _aNULL
_bPRENTICE HALL OF INDIA
_c1992
300 _a344
650 _aNULL
999 _c576336
_d576336